000
00272nam a2200109Ia 4500
003
GCL
008
140319s9999 xx 000 0 eng d
040
_a
GCL /
_c
GCL
082
0
4
_a
341.409
_b
D B
245
1
0
_a
BORDER AND TERRLTORID DISPUTES
260
_a
[S.N] :
_b
LONGMAN ،
_c
1987
999
_c
17019
_d
17019